Use of aluminium powder in thick rubber articles for uniform curing and reducing curing time (Record no. 53063)

MARC details
000 -LEADER
fixed length control field 00527nam a2200157Ia 4500
100 ## - MAIN ENTRY--AUTHOR NAME
Personal name Vinod V.S.
245 #0 - TITLE STATEMENT
Title Use of aluminium powder in thick rubber articles for uniform curing and reducing curing time
260 ## - PUBLICATION, DISTRIBUTION, ETC. (IMPRINT)
Name of publisher Proceedings of the 18th IRMRA Rubber Conference, 20-21 January 2000, Bombay, India, pp.71-77.
Year of publication 2000
650 ## - SUBJECT ADDED ENTRY--TOPICAL TERM
Topical Term Aluminium powder
650 ## - SUBJECT ADDED ENTRY--TOPICAL TERM
Topical Term Curing time
650 ## - SUBJECT ADDED ENTRY--TOPICAL TERM
Topical Term Vulcanization
700 ## - ADDED ENTRY--PERSONAL NAME
Personal name Kuriakose B.
700 ## - ADDED ENTRY--PERSONAL NAME
Personal name Varghese S.
942 ## - ADDED ENTRY ELEMENTS (KOHA)
Koha item type Bibliography STAF
Holdings
Withdrawn status Lost status Damaged status Not for loan Home library Current library Date acquired Koha item type
      Bibliography RRII Library RRII Library 09/04/2014 Bibliography STAF